| 000 | 01520cam a22004217a 4500 | ||
|---|---|---|---|
| 003 | CHAP | ||
| 005 | 20220817042857.0 | ||
| 008 | 990805d1993 it a r 00010 eng d | ||
| 010 | _a58569 | ||
| 011 | _a59541 | ||
| 035 | _a63700 | ||
| 040 | _cCHAP | ||
| 082 |
_a639.309688 _bF3 v.6 |
||
| 110 | _aFAO | ||
| 245 | 0 |
_aField guide to the commercial marine and brackish-water resources of the northern coast of south America _c/by F. Cervigón [and others] |
|
| 260 |
_aRome : _bFAO, _c1993. |
||
| 300 |
_a513 p. _b: ilus. |
||
| 410 | _aFAO | ||
| 490 | 0 |
_aGuía para la identificación de especies para los fines de la pesca _v; 6 |
|
| 590 |
_aBATCH-UPD _b10 _c20130110 _lUCH01 _h0043 |
||
| 590 |
_aBATCH-UPD _b10 _c20130110 _lUCH01 _h1154 |
||
| 590 |
_aBATCH-UPD _b10 _c20130409 _lUCH01 _h2029 |
||
| 590 |
_aBATCH-UPD _b10 _c20130410 _lUCH01 _h0737 |
||
| 590 |
_aBATCH-UPD _b10 _c20130914 _lUCH01 _h0920 |
||
| 590 |
_aCONVERSION _b10 _c20130109 _lUCH01 _h1331 |
||
| 650 | 1 | 4 |
_aFauna marina _zAmérica del Sur. _939850 |
| 650 | 1 | 4 |
_aPescado _xMercadeo. _987450 |
| 650 | 1 | 4 |
_aProductos pesqueros _xMercadeo. _992210 |
| 650 | 1 | 4 |
_aRecursos marinos _xAmérica del Sur. _995145 |
| 700 | 0 |
_aCervigón, F. _921645 |
|
| 700 | 0 |
_aCipriani, Roberto. _923345 |
|
| 700 | 0 |
_aFischer, W. _941075 |
|
| 810 | 0 | _aFAO | |
| 830 | 0 |
_aGuía para la identificación de especies para los fines de la pesca _v; 6 _951494 |
|
| 901 | _aBK | ||
| 942 | _cLIBRO | ||
| 949 |
_a639.309688 F3 v.6 _bBC _cFAO _d33724000662623 _eFAO1 _h89895 _i63700 _kDonaciØn _st |
||
| 999 |
_c58569 _d58569 |
||